Institutional changes and regional development under the reforming process of the Slovak Republic (case study Spiš region)

Gespeichert in:
Bibliographische Detailangaben
1. Verfasser: Zajíčková, Zdenka
Format: Buch
Sprache:Englisch
Veröffentlicht: Bratislava Prognostický ústav SAV 2006
Schriftenreihe:Štúdie No. 1
Schlagworte:
Tags: Tag hinzufügen
Keine Tags, Fügen Sie das erste Tag hinzu!

MARC

LEADER 00000nam$a2200000$$$4500
001 0055399
005 20240503084917.7
022 |a 0862-9153 
041 0 |a eng 
044 |a SK 
245 1 0 |a Institutional changes and regional development under the reforming process of the Slovak Republic  |b (case study Spiš region)  |c Zdenka Zajíčková 
264 1 |a Bratislava  |b Prognostický ústav SAV  |c 2006 
300 |a 132 s. 
490 1 |a Štúdie  |v No. 1 
830 0 |a Štúdie  |v No. 1 
610 2 0 |a rozvoj regionálny 
610 2 0 |a inštitúcie verejnoprávne 
610 2 0 |a reformy 
610 2 0 |a nezamestnanosť 
610 2 0 |a konflikty 
610 2 0 |a výskum 
610 2 0 |a prostredie prírodné 
610 2 0 |a správa miestna 
610 2 0 |a metodológia 
610 2 0 |a kultúra 
610 2 0 |a ochrana prostredia životného 
610 2 0 |a politika sociálna 
610 2 0 |a analýzy 
610 2 0 |a Slovensko 
100 1 |a Zajíčková, Zdenka